000 00822nam0a22002411 4500
001 rc\907203
005 20250622040118.0
035 _a(NLR Aleph) 006082199
090 _a5097790
_c5097790
100 _a20041129d1984 |||y0rusy50 ca
101 0 _arus
102 _aRU
105 _aa |||||||||
200 1 _aФизиологическое действие экстремальных факторов на организм животных и растений
_e[Сб. ст.]
_f[Ред. к. б. н., доц. С.М. Ксенц]
210 _aТомск
_cИзд-во ТГУ
_d1984
215 _a137 с.
_cил.
_d21
320 _aБиблиогр. в конце ст.
702 1 _aКсенц
_bС.М.
_4340
801 0 _aRU
_bNLR
_gpsbo
801 1 _aRU
_bELAR
_2rusmarc
852 _aNLR
_j84-5/6951
942 _cBOOK
980 _aNB